Les personnalités de Mask Singer - Statistiques

Statistiques générales
  • Ce quiz a été pris 375 fois
  • Le résultat moyen est 33 sur 75
Statistiques - réponses
Personnages Célébrités % Correct
Licorne Laurence Boccolini
87%
Cupcake Natasha St-Pier
72%
Lion David Douillet
70%
Manchot Larusso
69%
Paon Frank Leboeuf
68%
Panda Julie Zenatti
67%
Aigle Karl Zéro
66%
Papillon Denitsa Ikonomova
64%
Abeille Joyce Jonathan
62%
Arbre Gilbert Montagné
61%
Singe Alizée
60%
Squelette Djibril Cissé
60%
Araignée Karine Ferri
60%
Croco Marc-Antoine Le Bret
60%
Tigresse Marc-Antoine Le Bret
60%
Banane Valérie Bègue
60%
Robot Daniel Lévi
58%
Éléphant Keen'v
58%
Loup Laure Manaudou
58%
Husky Vincent Niclo
58%
Bouche Frédérique Bel
57%
Hippocampe Lio
55%
Dragon Issa Doumbia
54%
Monstre Smaïn
54%
Cerf Laurent Ournac
53%
Panthère Marie-José Pérec
53%
Caméléon Sylvie Tellier
53%
Écureuil Sheila
51%
Sorcière Zaho
51%
Renarde Valérie Damidot
50%
Cow-Boy (S.I) Seal
48%
Tortue Amaury Vassili
46%
Homard (Guest) Laurent Ruquier
46%
Bébé Marianne James
46%
Génie Yoann Riou
45%
Dino Yves Lecoq
45%
Requin Basile Boli
44%
Zèbre Cartman
44%
Chevalier Laurent Maistret
44%
Pieuvre Liane Foly
43%
Bernard l'Hermite Alain Bernard
42%
Hibou Dave
42%
Cosmonaute Pierre Palmade
42%
Ours Christophe Beaugrand
39%
Chameau Nico et Daniela Capone
39%
Coccinelle (S.I) Teri Hatcher
39%
Biche Aurélie Konaté
38%
Pharaon Francis Huster
38%
Viking (Guest) Francis Huster
38%
Plante Carnivore Tina Arena
38%
Méduse Charlotte Gaccio
35%
Perroquets Igor et Grichka Bogdanoff
33%
Soleil (S.I) Mel B
31%
Cochon Yves Camdeborde
31%
Alien Adeline Toniutti
30%
Mariée Estelle Mossely
30%
Pain d'Épices Frédéric Diefenthal
30%
Lama Jean-Marc Généreux
30%
Taureau (Guest) Anggun
28%
Renard (Guest) Kendji Girac
28%
Poisson-Corail Maud Fontenoy
28%
Chenille André Bouchet
26%
Gorille (Guest) Anne Roumanoff
26%
Phoenix Anny Duperey
26%
Dalmatien Christelle Chollet
26%
Tigresse (Guest) Inès Reg
26%
Souris Laëtitia Milot
26%
Kangourou (S.I) Anastacia
25%
Vautour Martin Lamotte
24%
Espion (Guest) Tom Villa
23%
Cobra (S.I) David Hasselhoff
22%
Ballerine (S.I) Itziar Ituño
22%
Canard Laura Flessel
22%
Koala Marion Bartoli
22%
Chat (S.I) Tori Spelling
18%
Aucun quiz correspondant
Distribution des résultats
% des personnes avec chaque résultat
Percentile par nombre de réponses
Votre historique - résultats
Vous n’avez pas pris ce quiz